Los niños como filósofos : el aprendizaje mediante la indagación y el diálogo en la escuela primaria /

Estudio que plantea las herramientas para desarrollar el pensamiento crítico de los niños y sugiere el compromiso del profesor de las escuelas de nivel primaria, para contribuir en este proceso. Para tal logro, la autora aboga por la aplicación de la filosofía en las aulas, que puede contribuir a la...

Description complète

Enregistré dans:
Détails bibliographiques
Auteur principal: Haynes, Joanna (autor)
Format: Livre
Langue:espagnol
Publié: Barcelona, España : Paidós, 2004, c2004
Collection:(Paidós Educador ; 174)
Sujets:
Tags: Ajouter un tag
Pas de tags, Soyez le premier à ajouter un tag!

MARC

LEADER 00000nam^a2200000^a^4500
001 000169918
005 20250521000000.0
009 20260310101252.983
020 |a 84-493-1567-0 
037 |a Acervo ITESO - Biblioteca 
041 |a ESP 
082 |a 370. 11  |b HAY 
100 |a Haynes, Joanna  |e (autor) 
245 1 4 |a Los niños como filósofos :  |b el aprendizaje mediante la indagación y el diálogo en la escuela primaria /  |c J. Haynes ; tr. por Isidro Arias. 
264 4 |a Barcelona, España :  |b Paidós,  |c 2004, c2004 
300 |a 251 p. 
336 |a texto  |b txt  |2 rdacontenido 
337 |a sin mediación  |b n  |2 rdamedio 
338 |a volumen  |b nc  |2 rdasoporte 
440 1 |a (Paidós Educador ;  |v 174) 
500 |a Traducción de: Children as Philosophers 
520 |a Estudio que plantea las herramientas para desarrollar el pensamiento crítico de los niños y sugiere el compromiso del profesor de las escuelas de nivel primaria, para contribuir en este proceso. Para tal logro, la autora aboga por la aplicación de la filosofía en las aulas, que puede contribuir a la potenciación de las capacidades cognitivas de los niños. Su propuesta parte de la experiencia que como docente ha tenido con niños que se han comportado como verdaderos filósofos. 
649 |a XX 
650 |a Filosofía para Niños 
650 |a Finalidades de la Educación 
650 |a Competencias (Educación) 
650 |a Metodología Educativa 
650 |a Proceso Educativo 
650 |a Aprendizaje 
650 |a Desarrollo Cognoscitivo 
650 |a Psicología Cognitiva 
650 |a Psicología Educativa 
650 |a Educación Primaria 
650 |a Educación 
910 |a Fondo General 
920 |a Impresos - Libros 
930 |a Colección General 
905 |a 101 
901 |a 0500106895  |b IT1  |c ACC  |u 20250521 
902 |a https://opac.biblio.iteso.mx/vufind/Record/000169918